| 000 | 00751nam a22001337a 4500 | ||
|---|---|---|---|
| 040 | _cRUA | ||
| 082 | _aAGR NEA 2017 B635 Or.1 | ||
| 100 | _aNEANG SOKTY នាង សុខទី | ||
| 245 | _aeffect of biological agent Trichoderma Koningii against Bipolars oryzae on sen pidao rice variety ប្រសិទ្ធភាពផ្សិតជីវសាស្ត្រ Trichoderma Koningii ក្នុងការកំចាត់ភ្នាកើងាររោត Bipilaris oryzae នៅលើដំណាំស្រូវពូជសែនពិដោរ | ||
| 260 |
_aRUA _bphnom penh _c2017 |
||
| 300 |
_aix;36p _bill; _c29cm |
||
| 856 | _u https://drive.google.com/file/d/1PGeaUjJflqJfSiE3UKBrUE_yaiaM0csr/view?usp=sharing | ||
| 942 | _cAGR | ||
| 999 |
_c17985 _d17985 |
||